Pokémon TCG Pocket - Source Secrète - Statistiques

Statistiques générales
  • Ce quiz a été pris 10 fois
  • Le résultat moyen est 56 sur 105
Statistiques - réponses
Numéro Nom de la carte Rareté Type de quiz % Correct
003 Cotovol EX ◆◆◆◆ Plante
100%
078 Cotovol EX Plante
100%
086 Cotovol EX ★★ Plante
100%
010 Entei EX ◆◆◆◆ Feu
100%
079 Entei EX Feu
100%
087 Entei EX ★★ Feu
100%
002 Floravol ◆◆ Plante
100%
001 Granivol Plante
100%
025 Raikou EX ◆◆◆◆ Électrique
100%
081 Raikou EX Électrique
100%
088 Raikou EX ★★ Électrique
100%
020 Suicune EX ◆◆◆◆ Eau
100%
080 Suicune EX Eau
100%
090 Suicune EX ★★★ Eau
100%
055 Altaria ◆◆◆ Dragon
83%
063 Azurill ◆◆◆ Incolore
67%
077 Azurill Incolore
67%
023 Babimanta ◆◆◆ Eau
67%
105 Babimanta Eau
67%
069 Blanche ◆◆ Supporter
67%
083 Blanche ★★ Supporter
67%
044 Donphan ◆◆ Combat
67%
031 Fulgudog ◆◆◆ Électrique
67%
008 Limagma Feu
67%
043 Phanpy Combat
67%
076 Phanpy Combat
67%
013 Ptitard Eau
67%
042 Tartard EX ◆◆◆◆◆ Combat
67%
082 Tartard EX Combat
67%
089 Tartard EX ★★ Combat
67%
040 Taupiqueur Combat
67%
060 Teddiursa Incolore
67%
014 Têtarte ◆◆ Eau
67%
059 Toudoudou ◆◆◆ Incolore
67%
041 Triopikeur ◆◆ Combat
67%
064 Tylton Incolore
67%
061 Ursaring ◆◆ Incolore
67%
009 Volcaropod ◆◆ Feu
67%
030 Voltoutou Électrique
67%
074 Voltoutou Électrique
67%
094 Akwakwak 🟎 Eau
50%
026 Anchwatt Électrique
50%
021 Barpau Eau
50%
011 Braisillon Feu
50%
092 Chimpenfeu 🟎 Feu
50%
062 Écrémeuh ◆◆ Incolore
50%
032 Feuforêve Psy
50%
012 Flambusard ◆◆ Feu
50%
005 Héliatronc ◆◆ Plante
50%
027 Lampéroie ◆◆ Électrique
50%
036 Latias ◆◆◆ Psy
50%
037 Latios ◆◆◆ Psy
50%
075 Latios Psy
50%
029 Limonde Électrique
50%
073 Limonde Électrique
50%
033 Magirêve ◆◆ Psy
50%
065 Mangriff ◆◆ Incolore
50%
022 Milobellus ◆◆◆ Eau
50%
072 Milobellus Eau
50%
071 Mortimer ◆◆ Supporter
50%
085 Mortimer ★★ Supporter
50%
028 Ohmassacre ◆◆◆ Électrique
50%
091 Ouisticram 🟎 Feu
50%
066 Passerouge Incolore
50%
093 Psykokwak 🟎 Eau
50%
017 Ramoloss Eau
50%
018 Roigada ◆◆ Eau
50%
048 Séviper Obscurité
50%
101 Simiabraz EX 🟎🟎 Feu
50%
004 Tournegrin Plante
50%
100 Axoloto de Paldea 🟎 Obscurité
33%
103 Carchacrok EX 🟎🟎 Combat
33%
099 Carmache 🟎 Combat
33%
006 Celebi ◆◆◆ Plante
33%
058 Coudlangue ◆◆ Incolore
33%
047 Crabaraque ◆◆ Combat
33%
046 Crabicoque Combat
33%
057 Excelangue Incolore
33%
098 Griknot 🟎 Combat
33%
096 Krabboss 🟎 Eau
33%
095 Krabby 🟎 Eau
33%
019 Lippoutou Eau
33%
068 Lumière Mémoire ◆◆ Outil Pokémon
33%
070 Marchande Ambulante ◆◆ Supporter
33%
084 Marchande Ambulante ★★ Supporter
33%
102 Mew EX 🟎🟎 Psy
33%
045 Relicanth Combat
33%
015 Tentacool Eau
33%
016 Tentacruel ◆◆ Eau
33%
050 Zoroark ◆◆◆ Obscurité
33%
049 Zorua Obscurité
33%
056 Canarticho Incolore
17%
067 Canot Gonflable ◆◆ Outil Pokémon
17%
097 Concombaffe 🟎 Eau
17%
035 Corayôme de Galar ◆◆◆ Psy
17%
034 Corayon de Galar Psy
17%
007 Fermite Plante
17%
024 Hexagel Eau
17%
054 Kravarech Obscurité
17%
039 Moyade ◆◆ Psy
17%
051 Sepiatop Obscurité
17%
052 Sepiatroce ◆◆ Obscurité
17%
104 Terraiste de Paldea EX 🟎🟎 Obscurité
17%
053 Venalgue Obscurité
17%
038 Viskuse Psy
17%
Aucun quiz correspondant
Distribution des résultats
% des personnes avec chaque résultat
Percentile par nombre de réponses
Votre historique - résultats
Vous n’avez pas pris ce quiz